| 000 | 00887cam a2200277 a 4500 | ||
|---|---|---|---|
| 999 |
_c1166 _d1166 |
||
| 001 | ABG-8842 | ||
| 003 | CaOONL | ||
| 005 | 20210624075600.0 | ||
| 008 | 980216s1999 onca b 001 | eng d | ||
| 016 | _a989306267 | ||
| 020 | _a013792870X | ||
| 040 |
_aCaOTU _beng _cCaOTU _dCaOONL |
||
| 050 |
_aLC3984 _b. W56 1999 |
||
| 055 | 0 | 1 | _aLC3984 |
| 055 | 0 | 0 | _aLC3984 W56 1999 fol. |
| 090 |
_aLC3984 _b.W56 1999 |
||
| 100 | 1 |
_aWinzer, M. A. _q(Margret A.), _d1940- |
|
| 245 | 1 | 0 |
_aChildren with exceptionalities in Canadian classrooms / _cMargret Winzer. |
| 250 | _a5th ed. | ||
| 260 |
_aScarborough, Ont. : _bPrentice Hall Allyn & Bacon Canada, _cc1999. |
||
| 300 |
_axi, 659 p. : _bill. ; _c26 cm. |
||
| 504 | _aIncludes bibliographical references (p. [590]-639) and indexes. | ||
| 650 | 0 |
_aSpecial education _zCanada. |
|
| 650 | 6 |
_aÉducation spéciale _zCanada. |
|
| 942 |
_2lcc _cBK _nSO |
||